Food Engineering ,quality and Competitveness in small food industry Systems (Record no. 3259)

MARC details
000 -LEADER
fixed length control field 00374nam a22001337a 4500
020 ## - INTERNATIONAL STANDARD BOOK NUMBER
International Standard Book Number 9789251052501
041 ## - LANGUAGE CODE
Language code of text/sound track or separate title ENG
100 ## - MAIN ENTRY--PERSONAL NAME
Personal name Roberto cuevas
245 ## - TITLE STATEMENT
Title Food Engineering ,quality and Competitveness in small food industry Systems
260 ## - PUBLICATION, DISTRIBUTION, ETC. (IMPRINT)
Place of publication, distribution, etc Rome
Name of publisher, distributor, etc Food And Agricul ture organization of the united nations
Date of publication, distribution, etc 2004
300 ## - PHYSICAL DESCRIPTION
Extent 81
650 ## - SUBJECT ADDED ENTRY--TOPICAL TERM
Topical term or geographic name as entry element FAO
856 ## - ELECTRONIC LOCATION AND ACCESS
Uniform Resource Identifier FAO
Holdings
Withdrawn status Lost status Source of classification or shelving scheme Damaged status Not for loan Home library Current library Shelving location Date acquired Cost, normal purchase price Total Checkouts Barcode Date last seen Price effective from Koha item type
    Dewey Decimal Classification     College of Agricultural Engineering and Technology, Dapoli , Library College of Agricultural Engineering and Technology, Dapoli , Library Book Cart 15/09/2023 1993.00   005081 15/09/2023 15/09/2023 Books

Contact Us: College of Agricultural Engineering and Technology, Dapoli, Dist.- Ratnagiri
Website: https://dbskkv.org Email: caetlibrary2015@gmail.com